[Event "AUTO-OPEN-3122"]
[Site "http://www.queenalice.com/game.php?id=1259154"]
[Date "2014.2.23"]
[Round "2"]
[White "ozzyvegeta"]
[Black "artur59"]
[Result "0-1"]
[WhiteElo "2114"]
[BlackElo "2487"]

1. e4 c5 2. Nf3 d6 3. d4 cxd4 4. Nxd4 Nf6 5. Nc3 a6 6. Be2 e5 7. Nb3 Be7 8. O-O
O-O 9. h3 Be6 10. f3 Nh5 11. Nd5 Bh4 12. f4 Ng3 13. Rf3 Nxe4 14. f5 Bxd5 15.
Qxd5 Ng3 16. Bd3 Nd7 17. Qxb7 e4 18. Bxe4 Rb8 19. Qc6 Ne5 20. Qa4 d5 21. Bd3
Nxf3+ 22. gxf3 Rxb3 23. Qxh4 Qxh4 0-1

[Event "AUTO-OPEN-3122"]
[Site "http://www.queenalice.com/game.php?id=1259159"]
[Date "2014.2.23"]
[Round "2"]
[White "ozzyvegeta"]
[Black "maurice91"]
[Result "1-0"]
[WhiteElo "2127"]
[BlackElo "1853"]

1. e4 c6 2. Nf3 d5 3. exd5 cxd5 4. d4 Bg4 5. Be2 Nc6 6. O-O Nf6 7. c3 e6 8. Bg5
Be7 9. h3 Bxf3 10. Bxf3 h6 11. Bh4 g5 12. Bg3 O-O 13. Nd2 b5 14. h4 Nh7 15. hxg5
Bxg5 16. Be2 a6 17. Bd3 f5 18. f4 Bf6 19. Qh5 Bg7 20. Rae1 Qe8 21. Qe2 Nd8 22.
Nf3 Nc6 23. Qxe6+ Qxe6 24. Rxe6 Rac8 25. Rfe1 Rfd8 26. Bh4 Rf8 27. Be7 Rf7 28.
Bc5 Nf8 29. Re8 Rcc7 30. Nh4 Ne7 31. Bxe7 Rfxe7 32. R1xe7 Rxe7 33. Rxe7 b4 34.
Nxf5 bxc3 35. Nxg7 cxb2 36. Nh5 a5 37. Nf6+ Kh8 38. Rf7 a4 39. Rxf8+ Kg7 40. Nd7
a3 41. f5 h5 42. f6+ Kh6 43. Rg8 h4 44. f7 Kh5 45. f8=Q h3 46. Be2+ Kh4 47. Qh6#
1-0

[Event "AUTO-OPEN-3122"]
[Site "http://www.queenalice.com/game.php?id=1259160"]
[Date "2014.2.23"]
[Round "2"]
[White "maurice91"]
[Black "ozzyvegeta"]
[Result "0-1"]
[WhiteElo "1841"]
[BlackElo "2105"]

1. d4 d5 2. Nf3 e6 3. Bf4 c5 4. c3 Nc6 5. e3 Nf6 6. Bb5 Bd7 7. Nbd2 Be7 8. Rc1
a6 9. Bxc6 Bxc6 10. O-O O-O 11. dxc5 Bxc5 12. Nb3 Ba7 13. Nbd4 Qd7 14. h3 Nh5
15. Bh2 g6 16. Ne5 Qc8 17. c4 f6 18. Nexc6 bxc6 19. cxd5 exd5 20. Rxc6 Qd7 21.
Rxa6 Ng7 22. Rd6 Qb7 23. b3 Bb8 24. Rc6 Bxh2+ 25. Kxh2 Rxa2 26. Qf3 f5 27. Qxd5+
Kh8 28. b4 Rb2 29. b5 Qe7 30. b6 f4 31. e4 Qh4 32. Nf3 Qh5 33. Qd4 Qb5 34. Rfc1
Qb4 35. Qxb4 Rxb4 36. e5 Nf5 37. Ng5 Nd4 38. Rc8 Rxc8 39. Rxc8+ Kg7 40. Rc7+ Kh6
41. Nxh7 Rxb6 42. Nf6 f3 43. g3 Rb2 44. Rh7+ Kg5 45. Ne4+ Kf5 46. Re7 Kxe4 47.
Kg1 Rb1+ 48. Kh2 Rf1 49. e6 Ne2 50. Ra7 Rxf2+ 51. Kh1 Nxg3+ 52. Kg1 Rg2# 0-1

[Event "AUTO-OPEN-3082"]
[Site "http://www.queenalice.com/game.php?id=1264122"]
[Date "2014.3.11"]
[Round "2"]
[White "ozzyvegeta"]
[Black "afonte"]
[Result "1-0"]
[WhiteElo "2123"]
[BlackElo "2235"]

1. e4 c5 2. Nf3 Nc6 3. d4 cxd4 4. Nxd4 Nf6 5. Nc3 d6 6. Bb5 Bd7 7. O-O e6 8. Kh1
Be7 9. f4 O-O 10. f5 Ne5 11. fxe6 fxe6 12. Bxd7 Qxd7 13. Bg5 Nfg4 14. Qd2 Nc4
15. Qe2 Nce5 16. Bxe7 Qxe7 17. h3 Nf6 18. Rad1 a6 19. a3 Rf7 20. b4 Rc8 21. Qe3
Nc4 22. Qd3 Nxa3 23. b5 Qc7 24. Nce2 Nxb5 25. Nxb5 axb5 26. Qxb5 Qxc2 27. Rxd6
Qxe4 28. Rfd1 Rc2 29. Rd8+ Rf8 30. R8d2 Rfc8 31. Qb3 Rxd2 32. Rxd2 Rc5 33. Ng1
Rc1 34. Rd8+ Kf7 35. Rb8 Qd4 36. Rxb7+ Kg6 37. Qg3+ Kh6 38. Qxg7+ Kh5 39. g4+
Kh4 40. Qh6+ Kg3 41. Rb3+ 1-0

[Event "Challenge"]
[Site "http://www.queenalice.com/game.php?id=1265022"]
[Date "2014.3.14"]
[Round "-"]
[White "Zugswang"]
[Black "ozzyvegeta"]
[Result "1/2-1/2"]
[WhiteElo "2212"]
[BlackElo "2112"]

1. e4 c5 2. Nc3 Nc6 3. g3 d6 4. Bg2 Nf6 5. f4 g6 6. Nf3 Bg7 7. h3 O-O 8. O-O a6
9. a4 Rb8 10. Qe2 Bd7 11. d3 b5 12. axb5 axb5 13. g4 b4 14. Nd1 e6 15. c3 bxc3
16. bxc3 Na5 17. Bb2 Qb6 18. Kh2 Bc6 19. c4 d5 20. cxd5 exd5 21. Bxf6 Bxf6 22.
e5 Bg7 23. Nc3 Qc7 24. Nd2 Rfd8 25. Rfb1 Rxb1 26. Rxb1 f6 27. Re1 fxe5 28. fxe5
d4 29. Nd1 Re8 30. Bxc6 Nxc6 31. Nf3 Nxe5 32. Qa2+ Kh8 33. Nxe5 Bxe5+ 34. Kh1
Qc6+ 35. Qg2 Qd7 36. Nb2 Bf6 37. Re4 Rb8 38. Qf2 Bg7 39. Nc4 Qd5 40. Kh2 Rf8 41.
Qe2 Qd7 42. Kg2 Qd5 43. Kg3 Bh6 44. h4 Bg7 45. Re8 Qf7 46. Rxf8+ Qxf8 47. Qe6
Qf6 48. Qc8+ Bf8 49. Qe8 Kg7 50. Qd7+ Kg8 51. Qd5+ Kh8 52. g5 Qe7 53. Qe5+ Qxe5+
54. Nxe5 Kg7 55. Kf3 h6 56. Ke4 hxg5 57. hxg5 Be7 58. Nf3 Kf7 59. Kd5 Kf8 60.
Ne5 Kg7 61. Nf3 Kf7 62. Ne5+ Kg7 63. Nf3 1/2-1/2

[Event "Challenge"]
[Site "http://www.queenalice.com/game.php?id=1268354"]
[Date "2014.3.26"]
[Round "-"]
[White "Zugswang"]
[Black "ozzyvegeta"]
[Result "0-1"]
[WhiteElo "2059"]
[BlackElo "2113"]

1. e4 d6 2. d4 g6 3. Bc4 Nd7 4. f4 Bg7 5. Nf3 c5 6. c3 a6 7. a4 Rb8 8. Na3 Nh6
9. h3 cxd4 10. cxd4 Nb6 11. Bd3 Bd7 12. b3 Qc7 13. Bb2 Bc6 14. O-O O-O 15. Rc1
Nd7 16. e5 dxe5 17. fxe5 Qb6 18. Nc4 Qa7 19. Kh2 Nb6 20. Ba3 Nd5 21. Qd2 b5 22.
Bc5 Qd7 23. axb5 Rxb5 24. Na5 Ba8 25. Bxb5 axb5 26. b4 Nf5 27. g4 Bh6 28. g5 Bg7
29. Rce1 h6 30. h4 Rd8 31. Nb3 f6 32. Nc1 fxg5 33. hxg5 hxg5 34. Qxg5 Qe6 35.
Nd3 Bh6 36. Qg4 Nde3 37. Rxe3 Bxe3 38. Nh4 Qa2+ 39. Nf2 Nxh4 40. Qxh4 Rf8 41. d5
Qxd5 42. Rg1 Bf4+ 43. Kh3 Qf3+ 44. Rg3 Bxg3 45. Qxg3 Qh5+ 0-1

[Event "AUTO-OPEN-3082"]
[Site "http://www.queenalice.com/game.php?id=1275289"]
[Date "2014.4.22"]
[Round "3"]
[White "PopowskiF"]
[Black "ozzyvegeta"]
[Result "0-1"]
[WhiteElo "2169"]
[BlackElo "2118"]

1. d4 d5 2. Nf3 e6 3. e3 c5 4. c4 Nf6 5. Nc3 Be7 6. Bd3 O-O 7. O-O Nc6 8. Qe2 a6
9. a3 Qc7 10. cxd5 exd5 11. dxc5 Bxc5 12. b4 Bd6 13. Bb2 Bg4 14. h3 Bh5 15. Rfc1
d4 16. Na4 Rfe8 17. e4 Nd5 18. Qc2 Bxf3 19. exd5 Bxd5 20. Bxd4 Nxd4 21. Qxc7
Bxc7 22. Rxc7 Bc6 23. Nb6 Rad8 24. Bc4 Ne6 25. Bxe6 Rxe6 26. Rc1 h6 27. Nc4 Rg6
28. Ne3 f5 29. Nxf5 Rxg2+ 30. Kf1 Rd2 31. Ne7+ Kh7 32. Nxc6 Rdxf2+ 33. Ke1 bxc6
34. Rc3 Kg8 35. Rc8+ Kh7 36. Rc7 Rb2 37. Kf1 Rgd2 38. Re7 Rbc2 39. Rg3 Rc1+ 40.
Re1 Rxe1+ 41. Kxe1 Ra2 42. Kf1 Rc2 43. Rb3 g5 44. a4 Kg6 45. b5 axb5 46. axb5
cxb5 47. Rxb5 Kh5 48. Rb6 Rh2 49. Rb3 Kh4 50. Rb6 h5 51. Rg6 Rxh3 52. Kg2 Rc3
53. Kh2 g4 54. Rh6 Rc2+ 55. Kg1 Kg3 56. Kf1 h4 57. Re6 h3 58. Re3+ Kh2 0-1

[Event "AUTO-OPEN-3082"]
[Site "http://www.queenalice.com/game.php?id=1275290"]
[Date "2014.4.22"]
[Round "3"]
[White "ozzyvegeta"]
[Black "PopowskiF"]
[Result "0-1"]
[WhiteElo "2132"]
[BlackElo "2167"]

1. e4 c5 2. Nf3 Nc6 3. d4 cxd4 4. Nxd4 Nf6 5. Nc3 e5 6. Ndb5 d6 7. Nd5 Nxd5 8.
exd5 Ne7 9. c4 Ng6 10. Bd3 Be7 11. O-O O-O 12. Be3 a6 13. Nc3 Bg5 14. Qd2 Bxe3
15. Qxe3 f5 16. Rac1 e4 17. Be2 f4 18. Qxe4 Qg5 19. Qd4 f3 20. Bxf3 Rxf3 21. Ne4
Rf4 22. g3 Bf5 23. Qxg7+ Kxg7 24. Nxg5 Rd4 25. Rfe1 Ne5 26. f4 Ng6 27. Re2 Rc8
28. b3 Rxd5 29. Rce1 Rd4 30. h4 h6 31. Nf3 Rd3 32. Kf2 Bg4 33. Re3 Rxe3 34. Rxe3
Bxf3 35. Kxf3 h5 36. Rd3 Rd8 37. b4 Ne7 38. a4 d5 39. g4 hxg4+ 40. Kxg4 Kf6 41.
c5 Nf5 42. b5 axb5 43. axb5 Rc8 44. c6 bxc6 45. bxc6 Rxc6 46. h5 d4 47. Ra3 Rd6
48. Rd3 Rd7 49. Ra3 Rg7+ 50. Kh3 Ke6 51. Ra6+ Kd5 52. h6 Rg3+ 53. Kh2 Rg4 54.
Rf6 Ke4 55. Kh3 Rh4+ 56. Kg2 Rxh6 57. Rf8 Kxf4 58. Kf2 Re6 59. Rd8 Nd6 60. Rf8+
Ke4 61. Ke2 d3+ 62. Kd1 Ke3 63. Rh8 Ne4 64. Rh3+ Kd4 65. Rh2 Nc3+ 66. Kc1 Re1+
67. Kd2 Rd1# 0-1

[Event "AUTO-OPEN-3082"]
[Site "http://www.queenalice.com/game.php?id=1275293"]
[Date "2014.4.22"]
[Round "3"]
[White "ozzyvegeta"]
[Black "afonte"]
[Result "1-0"]
[WhiteElo "2121"]
[BlackElo "2181"]

1. e4 c5 2. Nf3 Nc6 3. d4 cxd4 4. Nxd4 Nf6 5. Nc3 e5 6. Ndb5 d6 7. Nd5 Nxd5 8.
exd5 Ne7 9. c4 a6 10. Nc3 Ng6 11. Bd3 Be7 12. O-O O-O 13. Kh1 f5 14. a3 Bg5 15.
b4 Bxc1 16. Rxc1 Qg5 17. c5 Rf6 18. a4 Nf4 19. g3 Nh3 20. cxd6 Rxd6 21. Qe1 e4
22. Bxe4 fxe4 23. Nxe4 Qxd5 24. f3 Rg6 25. Rd1 Qc6 26. Rd8+ Kf7 27. Qd2 b5 28.
Rc1 Qb7 29. Qa2+ Ke7 30. Qg8 Nf2+ 31. Kg2 Nxe4 32. Qe8+ Kf6 33. Rc6+ Kg5 34.
Qe5+ Kh6 35. Qf4+ Ng5 36. Qh4# 1-0

[Event "AUTO-OPEN-3082"]
[Site "http://www.queenalice.com/game.php?id=1275294"]
[Date "2014.4.22"]
[Round "3"]
[White "afonte"]
[Black "ozzyvegeta"]
[Result "0-1"]
[WhiteElo "2167"]
[BlackElo "2135"]

1. e4 d6 2. Nf3 e6 3. Bc4 Nf6 4. Nc3 Be7 5. d4 O-O 6. O-O c5 7. Re1 cxd4 8. Nxd4
Nc6 9. Bg5 h6 10. Bh4 Bd7 11. Bxf6 Bxf6 12. Ndb5 Ne5 13. Nxd6 Nxc4 14. Nxc4 Bxc3
15. bxc3 Qc7 16. Qd4 Rfc8 17. Re3 Qxc4 18. Qxd7 Rd8 19. Qe7 b5 20. a3 Rd2 21. h3
Rxc2 22. Rf3 Rf8 23. Re1 Rxc3 24. Rxc3 Qxc3 25. Re3 Qa5 26. Rf3 a6 27. e5 Qe1+
28. Kh2 Qxe5+ 29. g3 a5 30. Qb7 Qd5 31. Qxd5 exd5 32. Rd3 Rb8 33. Rxd5 b4 34.
axb4 axb4 35. Rd2 b3 36. Rb2 f5 37. h4 Kf7 38. Kg2 Ke6 39. Kf3 Kd5 40. Ke2 Kc4
41. Kd2 Rd8+ 42. Kc1 Kb4 0-1

[Event "Challenge"]
[Site "http://www.queenalice.com/game.php?id=1275311"]
[Date "2014.4.23"]
[Round "-"]
[White "Zugswang"]
[Black "ozzyvegeta"]
[Result "1-0"]
[WhiteElo "2182"]
[BlackElo "2138"]

1. e4 e6 2. d4 d5 3. Nd2 c5 4. c3 Nc6 5. Ngf3 Nf6 6. e5 Nd7 7. Bd3 Be7 8. O-O h6
9. a3 O-O 10. b4 cxb4 11. axb4 a6 12. Nb3 b6 13. Be3 Bb7 14. Qd2 f5 15. g3 g5
16. Qc2 Rf7 17. h3 Qf8 18. Nh2 Rg7 19. f4 gxf4 20. Bxf4 Kh8 21. Kf2 Qf7 22. Nf3
h5 23. h4 b5 24. Ng5 Qg6 25. Be2 Nd8 26. Na5 Bc8 27. Qd1 Qe8 28. Bxh5 1-0

[Event "Challenge"]
[Site "http://www.queenalice.com/game.php?id=1278671"]
[Date "2014.5.4"]
[Round "-"]
[White "Zugswang"]
[Black "ozzyvegeta"]
[Result "1-0"]
[WhiteElo "2239"]
[BlackElo "2127"]

1. e4 c5 2. Nc3 Nc6 3. g3 d6 4. Bg2 g6 5. f4 Bg7 6. Nge2 Bd7 7. O-O Nf6 8. h3
O-O 9. g4 Qc8 10. Ng3 a6 11. g5 Ne8 12. Nd5 Bxh3 13. Nb6 Qd8 14. Nxa8 Bxg2 15.
Kxg2 Qxa8 16. c3 b5 17. Qf3 b4 18. a3 bxc3 19. dxc3 f6 20. Qd3 f5 21. Qd5+ Kh8
22. exf5 Nc7 23. Qf3 e5 24. f6 Bxf6 25. gxf6 Rxf6 26. Ne4 Rf5 27. Nxd6 Rh5 28.
fxe5 Ne6 29. Nf7+ Kg8 30. Nh6+ Rxh6 31. Bxh6 Qb7 32. Qf8+ Nxf8 33. Rxf8# 1-0

[Event "AUTO-OPEN-3287"]
[Site "http://www.queenalice.com/game.php?id=1294223"]
[Date "2014.7.12"]
[Round "1"]
[White "artur59"]
[Black "ozzyvegeta"]
[Result "1-0"]
[WhiteElo "2554"]
[BlackElo "2124"]

1. e4 c5 2. Nf3 d5 3. exd5 Qxd5 4. Nc3 Qd8 5. Bc4 e6 6. O-O Nc6 7. Ne4 Nf6 8.
Qe2 Be7 9. b3 O-O 10. Bb2 b6 11. Rfe1 Bb7 12. Neg5 h6 13. Nxe6 fxe6 14. Qxe6+
Kh8 15. Nh4 Qxd2 16. Ng6+ Kh7 17. Qf5 Bc8 18. Nxf8+ Kh8 19. Qh7+ Nxh7 20. Ng6#
1-0

[Event "AUTO-OPEN-3287"]
[Site "http://www.queenalice.com/game.php?id=1294224"]
[Date "2014.7.12"]
[Round "1"]
[White "ozzyvegeta"]
[Black "artur59"]
[Result "0-1"]
[WhiteElo "2130"]
[BlackElo "2565"]

1. e4 c5 2. Nf3 d6 3. d4 cxd4 4. Nxd4 Nf6 5. Nc3 a6 6. Be2 e5 7. Nf3 Be7 8. O-O
O-O 9. h3 b5 10. a3 Bb7 11. Bd3 Nbd7 12. Be3 Nc5 13. Bxc5 dxc5 14. Nxe5 c4 15.
Be2 Qc7 16. Nf3 Rad8 17. Qc1 Nxe4 18. Nxe4 Bxe4 19. c3 Bc5 20. a4 Rfe8 21. axb5
axb5 22. Qg5 h6 23. Qh4 Bb7 24. Rad1 Ra8 25. Rfe1 Re4 26. Qh5 Qb6 27. Nd4 Rae8
28. Rd2 R8e5 29. Qf3 Rxd4 30. Qxb7 Rxd2 31. Qc8+ Rd8 0-1

[Event "AUTO-OPEN-3287"]
[Site "http://www.queenalice.com/game.php?id=1294249"]
[Date "2014.7.12"]
[Round "1"]
[White "paloberto"]
[Black "ozzyvegeta"]
[Result "0-1"]
[WhiteElo "1903"]
[BlackElo "2136"]

1. c4 e5 2. Nc3 Nf6 3. Nf3 d6 4. e4 Be7 5. Be2 O-O 6. O-O Nc6 7. d4 exd4 8. Nxd4
Bd7 9. b3 Nxd4 10. Qxd4 Bc6 11. b4 b6 12. Bb2 Ne8 13. Qd3 Bf6 14. Bd1 g6 15. Re1
Ng7 16. Bf3 Be5 17. Rad1 Ne6 18. Qd2 f5 19. b5 Bb7 20. exf5 Bxf3 21. gxf3 Qh4
0-1

[Event "AUTO-OPEN-3287"]
[Site "http://www.queenalice.com/game.php?id=1294250"]
[Date "2014.7.12"]
[Round "1"]
[White "ozzyvegeta"]
[Black "paloberto"]
[Result "1-0"]
[WhiteElo "2141"]
[BlackElo "1896"]

1. e4 c5 2. Nf3 Nc6 3. d4 cxd4 4. Nxd4 e5 5. Nb5 d6 6. N1c3 a6 7. Na3 b5 8. Nd5
Be6 9. Be2 Nf6 10. Bg5 Bxd5 11. exd5 Nd4 12. c3 Nxe2 13. Qxe2 Be7 14. Rd1 Rc8
15. O-O O-O 16. f4 Rc5 17. fxe5 Nxd5 18. Bxe7 Qxe7 19. b4 Nxc3 20. Qd3 Nxd1 21.
bxc5 Nb2 22. Qxd6 Qxd6 23. exd6 Na4 24. c6 Nb6 25. Rd1 Rd8 26. d7 Kf8 27. c7 Ke7
28. cxd8=Q+ Kxd8 29. Nc2 Nxd7 30. Nb4 a5 31. Nc6+ 1-0

[Event "AUTO-OPEN-3287"]
[Site "http://www.queenalice.com/game.php?id=1294266"]
[Date "2014.7.12"]
[Round "1"]
[White "ozzyvegeta"]
[Black "Nostahlgico"]
[Result "0-1"]
[WhiteElo "2137"]
[BlackElo "2183"]

1. e4 e5 2. d4 exd4 3. c3 Nc6 4. Nf3 d5 5. e5 dxc3 6. Bd3 Bg4 7. O-O Nge7 8. Re1
Bxf3 9. Qxf3 Nd4 10. Qg4 cxb2 11. Bxb2 Ne6 12. Nc3 c6 13. Ba3 Ng6 14. Bxf8 Kxf8
15. Rab1 Qh4 16. Qxh4 Nxh4 17. Rxb7 Nc5 18. Reb1 Nxb7 19. Rxb7 Ng6 0-1

[Event "AUTO-MASTER-2120"]
[Site "http://www.queenalice.com/game.php?id=1294336"]
[Date "2014.7.13"]
[Round "1"]
[White "barrai"]
[Black "ozzyvegeta"]
[Result "0-1"]
[WhiteElo "1963"]
[BlackElo "2129"]

1. e4 c5 2. Bc4 e6 3. Nc3 Nc6 4. d3 Be7 5. a4 Nf6 6. Nf3 O-O 7. O-O d5 8. exd5
exd5 9. Ba2 Bg4 10. Bg5 d4 11. Bxf6 Bxf6 12. Ne4 Ne5 13. Nxc5 Nxf3+ 14. gxf3 Bh3
15. Re1 Bh4 16. Ne4 Kh8 17. Ng3 f5 18. f4 Qc7 19. Qf3 Bg4 20. Qg2 Qxf4 21. Re6
Qg5 22. f3 Bh5 23. Rae1 Bf7 24. f4 Qg4 25. Qe2 Bxe6 26. Qxg4 fxg4 27. Rxe6 Rxf4
28. Nh5 Rf5 29. Ng3 Bxg3 30. hxg3 Raf8 31. Re2 h5 32. Kg2 g5 33. c3 dxc3 34.
bxc3 h4 35. gxh4 gxh4 36. d4 g3 37. Be6 Rf2+ 38. Rxf2 Rxf2+ 39. Kg1 Rc2 40. c4
Kg7 41. a5 Kf6 42. Bd5 h3 43. Kf1 g2+ 0-1

[Event "AUTO-MASTER-2120"]
[Site "http://www.queenalice.com/game.php?id=1294337"]
[Date "2014.7.13"]
[Round "1"]
[White "ozzyvegeta"]
[Black "barrai"]
[Result "1-0"]
[WhiteElo "2123"]
[BlackElo "1948"]

1. e4 c5 2. Nf3 Nc6 3. d4 cxd4 4. c3 e5 5. cxd4 Bb4+ 6. Nc3 exd4 7. Nxd4 a6 8.
Bc4 Ne5 9. Bb3 Nf6 10. O-O Bxc3 11. bxc3 O-O 12. Bg5 Qb6 13. Rb1 Qd8 14. f4 Ng6
15. e5 h6 16. exf6 hxg5 17. fxg7 Kxg7 18. f5 Nf4 19. Qg4 d5 20. Rxf4 Kf6 21. Rf3
Rh8 22. Rg3 Rg8 23. Nf3 Bxf5 24. Qd4+ Ke7 25. Re1+ Kf8 26. Qc5+ Kg7 27. Rxg5+
Bg6 28. Rxd5 Qf6 29. Rd6 Qf4 30. Qc7 Kh8 31. Ne5 Bh5 32. Qc4 Qg5 33. g3 Raf8 34.
Qd4 Rg7 35. Qe3 Qxe3+ 36. Rxe3 f6 37. Nd7 Rd8 38. Be6 1-0

[Event "AUTO-MASTER-2120"]
[Site "http://www.queenalice.com/game.php?id=1294352"]
[Date "2014.7.13"]
[Round "1"]
[White "powerrangel"]
[Black "ozzyvegeta"]
[Result "1-0"]
[WhiteElo "2149"]
[BlackElo "2136"]

1. e4 e5 2. Nf3 d6 3. d4 exd4 4. Nxd4 Nf6 5. Nc3 Be7 6. Bc4 O-O 7. O-O Nbd7 8.
Re1 Nc5 9. h3 Bd7 10. b4 Ne6 11. Nf5 h6 12. Nd5 Re8 13. Ndxe7+ Rxe7 14. Nxe7+
Qxe7 15. Bb2 Bc6 16. b5 Be8 17. e5 dxe5 18. Rxe5 Qb4 19. Bb3 Rd8 20. Qf3 Ng5 21.
Qxb7 Rd2 22. Qxc7 Qh4 23. Qxa7 Bd7 24. Bc3 Nxh3+ 25. gxh3 Bxh3 26. Qa8+ Kh7 27.
Bxd2 Ng4 28. Qe4+ g6 29. Rf5 1-0

[Event "AUTO-MASTER-2120"]
[Site "http://www.queenalice.com/game.php?id=1294353"]
[Date "2014.7.13"]
[Round "1"]
[White "ozzyvegeta"]
[Black "powerrangel"]
[Result "0-1"]
[WhiteElo "2148"]
[BlackElo "2137"]

1. e4 c5 2. d4 cxd4 3. c3 g6 4. Nf3 Bg7 5. cxd4 d5 6. e5 Bg4 7. Be2 Nc6 8. O-O
Nh6 9. Bg5 Nf5 10. Nbd2 Qb6 11. Nb3 O-O 12. h3 Bxf3 13. Bxf3 Nfxd4 14. Nxd4 Nxd4
15. Bxd5 Rfd8 16. Bb3 Nxb3 17. Qxb3 Qxb3 18. axb3 Bxe5 19. Bxe7 Rd2 20. Bc5 Rxb2
21. Rfe1 Bc3 22. Re7 Rxb3 23. Rd1 a5 24. Rdd7 Rb1+ 25. Kh2 a4 26. Ba3 b5 27. Rb7
b4 28. Re3 bxa3 29. Rxb1 a2 30. Rbe1 a1=Q 31. Rxa1 Bxa1 0-1

[Event "AUTO-MASTER-2120"]
[Site "http://www.queenalice.com/game.php?id=1294362"]
[Date "2014.7.13"]
[Round "1"]
[White "yclaudiu35"]
[Black "ozzyvegeta"]
[Result "1-0"]
[WhiteElo "1769"]
[BlackElo "2126"]

1. e4 c5 2. Nf3 Nc6 3. d4 cxd4 4. Nxd4 e6 5. Nxc6 bxc6 6. Bc4 Bc5 7. Qg4 Qf6 8.
O-O Nh6 9. Bxh6 Qxh6 10. Nc3 O-O 11. Rad1 d5 12. Bb3 e5 13. Qf3 dxe4 14. Qxe4
Re8 15. Rd3 Qh5 16. Rf3 Be6 17. Qxc6 Bxb3 18. axb3 Bb6 19. Re1 Rac8 20. Qe4 Rcd8
21. Rh3 Qg6 22. Qxg6 hxg6 23. Rd3 Rxd3 24. cxd3 f5 25. Kf1 Bd4 26. Ra1 Rb8 27.
Ra3 Rc8 28. Ke2 Kf7 29. f3 Kf6 30. h4 Bxc3 31. bxc3 Rxc3 32. Kd2 Rc7 33. Ra6+
Kf7 34. b4 f4 35. b5 Rb7 36. Ra5 Ke6 37. Kc3 Rc7+ 38. Kb4 Kf5 39. Ra6 g5 40.
hxg5 Kxg5 41. b6 axb6 42. Rxb6 g6 43. Rb5 Kf5 44. Rc5 Re7 45. Rc2 Rh7 46. Rc1
Rh1 47. Rxh1 1-0

[Event "AUTO-MASTER-2120"]
[Site "http://www.queenalice.com/game.php?id=1294363"]
[Date "2014.7.13"]
[Round "1"]
[White "ozzyvegeta"]
[Black "yclaudiu35"]
[Result "1-0"]
[WhiteElo "2136"]
[BlackElo "1760"]

1. e4 e5 2. d4 exd4 3. c3 dxc3 4. Bc4 cxb2 5. Bxb2 Nc6 6. Nf3 f6 7. O-O Bc5 8.
e5 d6 9. exd6 Bxd6 10. Nc3 Nge7 11. Re1 Bg4 12. Qd5 Rf8 13. Bb5 Qd7 14. h3 Bxf3
15. Qxf3 O-O-O 16. Ne4 a6 17. Ba4 b5 18. Bb3 Qf5 19. Nxd6+ Rxd6 20. Qxf5+ Nxf5
21. Be6+ Rxe6 22. Rxe6 Nfe7 23. Rc1 Kd7 24. Re2 Rc8 25. Rd1+ Ke8 26. g4 Kf7 27.
h4 Ng6 28. Rd7+ Kf8 29. Rc2 Nce5 30. Bxe5 Nxe5 31. Rcxc7 Rxc7 32. Rxc7 Nxg4 33.
Ra7 Ne5 34. Rxa6 Nf3+ 35. Kf1 Nxh4 36. Rb6 Kf7 37. Rxb5 Nf3 38. a4 g5 39. a5
Nd2+ 40. Ke2 Nc4 41. a6 Nd6 42. Rb7+ Kg6 43. a7 Nxb7 44. a8=Q 1-0

[Event "Challenge"]
[Site "http://www.queenalice.com/game.php?id=1297063"]
[Date "2014.7.25"]
[Round "-"]
[White "TMG"]
[Black "ozzyvegeta"]
[Result "1-0"]
[WhiteElo "2217"]
[BlackElo "2146"]

1. e4 c5 2. Nc3 Nc6 3. g3 d6 4. Bg2 g6 5. d3 Bg7 6. Be3 Nf6 7. h3 O-O 8. Qd2 Bd7
9. Bh6 Nd4 10. Bxg7 Kxg7 11. Nge2 Qb6 12. O-O-O Nxe2+ 13. Nxe2 Qa6 14. Kb1 c4
15. d4 b5 16. e5 Ng8 17. Bxa8 Rxa8 18. g4 dxe5 19. dxe5 Be6 20. Nd4 Bc8 21. f4
Rb8 22. c3 e6 23. f5 Bb7 24. Rhe1 Bd5 25. f6+ Kh8 26. h4 b4 27. cxb4 c3 28. bxc3
Qc4 29. h5 a5 30. b5 Rb7 31. hxg6 fxg6 32. g5 a4 33. Ka1 a3 34. Rb1 h6 35. Rb4
Qc7 36. gxh6 Kh7 37. Qd3 Nxh6 38. c4 Qc5 39. Ra4 Bg2 40. Nxe6 Qc7 41. Nxc7 1-0